First 100 Countries by Population - Statistics

General Stats
  • This quiz has been taken 62 times
  • The average score is 88 of 100
Answer Stats
Population Country % Correct
1,419,321,278 China
100%
345,526,571 United States
100%
45,696,159 Argentina
98%
211,998,573 Brazil
98%
66,548,530 France
98%
1,450,935,791 India
98%
91,567,738 Iran
98%
124,753,041 Japan
98%
27,032,412 Niger
98%
251,269,164 Pakistan
98%
64,007,187 South Africa
98%
69,138,192 United Kingdom
98%
26,713,205 Australia
96%
173,562,364 Bangladesh
96%
19,764,771 Chile
96%
109,276,265 DR Congo
96%
116,538,258 Egypt
96%
84,552,242 Germany
96%
46,042,015 Iraq
96%
59,342,867 Italy
96%
232,679,478 Nigeria
96%
10,425,292 Portugal
96%
47,910,526 Spain
96%
87,473,805 Turkey
96%
100,987,686 Vietnam
96%
42,647,492 Afghanistan
94%
132,059,767 Ethiopia
94%
283,487,931 Indonesia
94%
130,861,007 Mexico
94%
38,081,173 Morocco
94%
34,217,848 Peru
94%
51,717,590 South Korea
94%
71,668,011 Thailand
94%
39,742,430 Canada
91%
52,886,363 Colombia
91%
34,427,414 Ghana
91%
9,387,021 Israel
91%
20,592,571 Kazakhstan
91%
18,228,742 Netherlands
91%
38,539,201 Poland
91%
144,820,423 Russia
91%
10,606,999 Sweden
91%
37,860,221 Ukraine
91%
40,583,164 Yemen
91%
29,123,744 Cameroon
89%
20,299,123 Chad
89%
10,735,859 Czech Republic
89%
10,047,817 Greece
89%
9,676,135 Hungary
89%
56,432,944 Kenya
89%
24,478,595 Mali
89%
115,843,670 Philippines
89%
19,015,088 Romania
89%
33,962,757 Saudi Arabia
89%
18,501,984 Senegal
89%
19,009,151 Somalia
89%
36,361,859 Uzbekistan
89%
46,814,308 Algeria
87%
37,885,849 Angola
87%
9,120,813 Austria
87%
17,638,801 Cambodia
87%
10,979,783 Cuba
87%
18,135,478 Ecuador
87%
31,964,956 Madagascar
87%
35,557,673 Malaysia
87%
34,631,766 Mozambique
87%
54,500,091 Myanmar
87%
29,651,054 Nepal
87%
26,498,823 North Korea
87%
50,449,261 Sudan
87%
28,405,543 Venezuela
87%
24,672,760 Syria
85%
68,560,157 Tanzania
85%
50,015,092 Uganda
85%
16,634,373 Zimbabwe
85%
11,738,763 Belgium
83%
23,213,962 Taiwan
83%
11,027,129 United Arab Emirates
83%
21,314,956 Zambia
83%
12,413,315 Bolivia
81%
23,548,781 Burkina Faso
79%
11,427,557 Dominican Republic
79%
9,056,696 Belarus
77%
14,462,724 Benin
77%
14,754,785 Guinea
77%
11,552,876 Jordan
77%
11,943,408 South Sudan
77%
10,590,927 Tajikistan
77%
12,277,109 Tunisia
77%
10,336,577 Azerbaijan
74%
11,772,557 Haiti
74%
31,934,230 Ivory Coast
74%
21,655,286 Malawi
74%
14,256,567 Rwanda
74%
14,047,786 Burundi
72%
18,406,359 Guatemala
72%
10,825,703 Honduras
72%
23,103,565 Sri Lanka
70%
9,515,236 Togo
70%
10,576,502 Papua New Guinea
66%
No matching quizzes found
Score Distribution
Percent of People with Each Score
Percentile by Number Answered
Your Score History
You have not taken this quiz